The War in the air 1939-1945: (Record no. 24041)
[ view plain ]
| 000 -LEADER | |
|---|---|
| fixed length control field | 01011nam a22002891a 4500 |
| 001 - CONTROL NUMBER | |
| control field | 24041 |
| 003 - CONTROL NUMBER IDENTIFIER | |
| rucl marc code | BD-RjUL |
| 005 - DATE AND TIME OF LATEST TRANSACTION | |
| control field | 20211209001013.0 |
| 008 - FIXED-LENGTH DATA ELEMENTS--GENERAL INFORMATION | |
| fixed length control field | 140312s1968 enkacf b 001 0 eng |
| 020 ## - INTERNATIONAL STANDARD BOOK NUMBER | |
| International Standard Book Number | 0090888200 |
| 035 ## - SYSTEM CONTROL NUMBER | |
| System control number | (BD-RjUL)24106 |
| System control number | (BD-RjUL) |
| 040 ## - CATALOGING SOURCE | |
| Original cataloging agency | LC |
| Language of cataloging | eng |
| Transcribing agency | LC |
| Modifying agency | AAWM |
| -- | BD-RjUL |
| 041 ## - LANGUAGE CODE | |
| Language code of text/sound track or separate title | eng |
| 082 14 - DEWEY DECIMAL CLASSIFICATION NUMBER | |
| Classification number | 940.544941 |
| Edition number | 19 |
| Author mark and year | WAR |
| 245 04 - TITLE STATEMENT | |
| Title | The War in the air 1939-1945: |
| Remainder of title | an anthology of personal experience / |
| Statement of responsibility, etc. | selected and edited by Gavin Lyall. |
| Number of part/section of a work | Volume 2 |
| 260 ## - PUBLICATION, DISTRIBUTION, ETC. (IMPRINT) | |
| Place of publication, distribution, etc. | London : |
| Name of publisher, distributor, etc. | Hutchinson, |
| Date of publication, distribution, etc. | 1968. |
| 300 ## - PHYSICAL DESCRIPTION | |
| Pagination | xv, 422 p. : |
| Illustrations | 16 plates, illus., ports. ; |
| Size | 24 cm. |
| 500 ## - GENERAL NOTE | |
| General note | Reviews: Australian, 18 Jan. [1970?], p.13. |
| 504 ## - BIBLIOGRAPHY, ETC. NOTE | |
| Bibliography, etc | Includes Bibliography: p. 415-417 and index. |
| 650 #0 - SUBJECT ADDED ENTRY--TOPICAL TERM | |
| Topical term or geographic name as entry element | World War, 1939-1945 |
| General subdivision | Personal narratives, British. |
| 9 (RLIN) | 58829 |
| Topical term or geographic name as entry element | World War, 1939-1945 |
| General subdivision | Aerial operations, British. |
| 9 (RLIN) | 67382 |
| 700 1# - ADDED ENTRY--PERSONAL NAME | |
| Personal name | Lyall, Gavin, |
| Dates associated with a name | 1932- |
| 942 ## - ADDED ENTRY ELEMENTS (KOHA) | |
| Source of classification or shelving scheme | Dewey Decimal Classification |
| Koha item type | Books |
| Lost status | Source of classification or shelving scheme | Damaged status | Not for loan | Collection code | Permanent Location | Current Location | Shelving location | Date acquired | Source of acquisition | Cost, normal purchase price | Total Checkouts | Full call number | Date last seen | Copy number | Koha item type |
|---|---|---|---|---|---|---|---|---|---|---|---|---|---|---|---|
| Dewey Decimal Classification | Added to bundle | Non-fiction | Central Library, University of Rajshahi | Central Library, University of Rajshahi | Reading Room | 26/07/1972 | Book Center | 55.00 | 940.544941 WAR 1968 | 12/03/2014 | C-1 | Books |